| 000 | 00664nam a22002057a 4500 | ||
|---|---|---|---|
| 003 | 0 | ||
| 005 | 20240206100313.0 | ||
| 008 | 240206b xxu||||| |||| 00| 0 eng d | ||
| 020 | _a978-1-119-84162-3 | ||
| 050 |
_aHG 4026 _b.V47 2022 |
||
| 100 | _aVernimmen, Pierre | ||
| 245 |
_aCorporate finance : theory and practice _c Pierre Vernimmen |
||
| 250 | _aSixth edition | ||
| 260 |
_aChichester, West Sussex, United Kingdom _bWiley _cc2022. |
||
| 300 |
_axiv, 1021 pages ; _c24 cm. |
||
| 504 | _aIncludes bibliographical references, index, and glossary. | ||
| 650 | _aCorporations--Finance. | ||
| 650 | _aBusiness enterprises--Finance. | ||
| 942 |
_2lcc _cBK |
||
| 999 |
_c365905 _d365905 |
||